000 00473nam a2200181Ia 4500
001 21306
005 20260306172909.0
008 260306t2012||||xx |||||||||||||| ||spa||
041 _aESP
082 _a344.525
_bR31
100 _aReátegui Sánchez, James
_eAUT
245 0 _aCuándo un caso es penal y no civil:
_bcasos complejos en la jurisprudencia
260 _c2012
300 _a200 páginas :
_c
650 _aGEN
654 _aCDE
942 _cLIB
_dJUS
_fJUS
_2ddc
_n
999 _c21306
_d21306